[Event "ROM-ch U18 Girls"]
[Site "Calimanesti"]
[Date "2013.04.04"]
[Round "4"]
[White "Toma, Elena Adelaida"]
[Black "Farcas, Teodora"]
[Result "1-0"]
[WhiteElo "1688"]
[BlackElo "1001"]
[PlyCount "65"]
[EventDate "2013.04.02"]
[EventType "swiss"]
[EventRounds "9"]
[EventCountry "ROU"]
[SourceTitle "CBM 153 Extra"]
[Source "ChessBase"]
[SourceDate "2013.04.22"]
[SourceVersion "1"]
[SourceVersionDate "2013.04.22"]
[SourceQuality "1"]

1. d4 d5 2. c4 e6 3. Nc3 Nf6 4. cxd5 exd5 5. Bf4 a6 6. e3 Bf5 7. Qb3 b6 8. Bg5 Be6 9. Nf3 Be7 10. Bd3 0-0 11. Ne5 c5 12. Qc2 c4 13. Bf5 Qc8 14. Bxh7+ Nxh7 15. Bxe7 Re8 16. Bh4 f6 17. Nf3 b5 18. Bg3 Bf5 19. Qd2 Nc6 20. Nxd5 Ra7 21. Nb4 a5 22. Nxc6 Qxc6 23. 0-0 Be4 24. Qd1 g5 25. Ne1 a4 26. f3 Bg6 27. e4 Qb6 28. Bf2 Rd7 29. d5 Qd6 30. Qd4 f5 31. Bg3 f4 32. Bf2 Ra7 33. Qxa7 1-0

[Event "ROM-ch U18 Girls"]
[Site "Calimanesti"]
[Date "2013.04.03"]
[Round "3"]
[White "Morea, Georgiana Steluta"]
[Black "Farcas, Teodora"]
[Result "1-0"]
[WhiteElo "1883"]
[BlackElo "1001"]
[PlyCount "97"]
[EventDate "2013.04.02"]
[EventType "swiss"]
[EventRounds "9"]
[EventCountry "ROU"]
[SourceTitle "CBM 153 Extra"]
[Source "ChessBase"]
[SourceDate "2013.04.22"]
[SourceVersion "1"]
[SourceVersionDate "2013.04.22"]
[SourceQuality "1"]

1. d4 d5 2. c4 e6 3. Nc3 Nf6 4. Bf4 Nc6 5. e3 Bd6 6. Bg5 h6 7. Bh4 0-0 8. cxd5 exd5 9. Nxd5 Be7 10. Nxe7+ Qxe7 11. Nf3 Bg4 12. Be2 Qd6 13. Bxf6 Qxf6 14. 0-0 Rfe8 15. h3 Bh5 16. Qb3 b6 17. Rac1 Rac8 18. Qb5 Bxf3 19. Bxf3 Ne7 20. Bb7 c6 21. Qc4 Rc7 22. Ba6 Nf5 23. Rfd1 Ree7 24. Qd3 Nd6 25. Bc4 b5 26. Bb3 a6 27. Bc2 g6 28. Qe2 c5 29. dxc5 Rxc5 30. Bb3 Nb7 31. Bd5 Rxc1 32. Rxc1 Nd6 33. Rc6 Qe5 34. Bb3 a5 35. Qd3 Rd7 36. Qxg6+ Kf8 37. Qxh6+ Ke8 38. Qh7 a4 39. Bc2 Qxb2 40. Qg8+ Ke7 41. Qg5+ Qf6 42. h4 Qxg5 43. hxg5 Rd8 44. Rb6 Rc8 45. Bd3 Rc1+ 46. Kh2 Ra1 47. Bxb5 Nxb5 48. Rxb5 Rxa2 49. Ra5 1-0

[Event "ROM-ch U14 Girls"]
[Site "Voineasa"]
[Date "2008.04.12"]
[Round "4"]
[White "Farcas, Teodora"]
[Black "Sonfalean, Maria Laura"]
[Result "0-1"]
[WhiteElo "401"]
[BlackElo "1738"]
[PlyCount "48"]
[EventDate "2008.04.08"]
[EventType "swiss"]
[EventRounds "9"]
[EventCountry "ROU"]
[SourceTitle "EXT 2013"]
[Source "ChessBase"]
[SourceDate "2012.11.22"]
[SourceVersion "1"]
[SourceVersionDate "2012.11.22"]
[SourceQuality "1"]

1. e4 e5 2. Nf3 Nc6 3. Nc3 Nf6 4. Bc4 d6 5. d3 Be7 6. 0-0 0-0 7. Bg5 h6 8. Bh4 Bg4 9. h3 Bh5 10. Qd2 Bxf3 11. gxf3 Nd4 12. Qd1 Qd7 13. Kg2 Nh5 14. Rh1 Bxh4 15. Ne2 Nxe2 16. Qxe2 Nf4+ 17. Kf1 Nxe2 18. Kxe2 Kh7 19. Rag1 f5 20. a3 fxe4 21. dxe4 Qc6 22. b3 b5 23. Bd5 Qxc2+ 24. Kf1 Qxf2# 0-1